000 00734nam a22001937a 4500
003 OSt
005 20240919092248.0
008 240919b ||||| |||| 00| 0 eng d
040 _cAIMIT LIBRARY
100 _aRodrigues, Vijesh John.
_e2216229
_9179461
245 _aStudy on effect of work motivation and job satisfaction on employee performance of MESCOM Mangalore /
_cBy Vijesh John Rodrigues.
260 _aMangalore
_c2024
650 _aLiterature review objectives and conceptual framework
_9179462
650 _aResearch methodology
_9179463
650 _aData analysis and interpretation
_9179464
650 _aDiscussion of results and managerial implications
_9179465
700 _aHarinakshi
_9179466
942 _2ddc
_cPRO
999 _c231835
_d231835